<?xml version="1.0" encoding="UTF-8"?>
<collection xmlns="http://www.loc.gov/MARC21/slim">
 <record>
  <leader>01428nam a22002177a 4500</leader>
  <controlfield tag="001">NCT_102742</controlfield>
  <controlfield tag="008">220317b        xxu||||| |||| 00| 0 vie d</controlfield>
  <datafield tag="999" ind1=" " ind2=" ">
   <subfield code="c">5170</subfield>
   <subfield code="d">5170</subfield>
  </datafield>
  <datafield tag="020" ind1=" " ind2=" ">
   <subfield code="a">9786049917929</subfield>
   <subfield code="c">299000</subfield>
  </datafield>
  <datafield tag="082" ind1="0" ind2="4">
   <subfield code="2">23rd ed.</subfield>
   <subfield code="a">658.872</subfield>
   <subfield code="b">Th460</subfield>
  </datafield>
  <datafield tag="100" ind1="1" ind2=" ">
   <subfield code="a">Nguyễn Trọng Thơ</subfield>
  </datafield>
  <datafield tag="245" ind1="1" ind2="0">
   <subfield code="a">Seo master :</subfield>
   <subfield code="b">Bí quyết đưa website lên trang 1 google</subfield>
   <subfield code="c">Nguyễn Trọng Thơ</subfield>
  </datafield>
  <datafield tag="250" ind1=" " ind2=" ">
   <subfield code="a">Tái bản lần 2, có sửa chữa và bổ sung</subfield>
  </datafield>
  <datafield tag="260" ind1=" " ind2=" ">
   <subfield code="a">H.</subfield>
   <subfield code="b">Lao động ; Công ty Sách Thái Hà</subfield>
   <subfield code="c">2020</subfield>
  </datafield>
  <datafield tag="300" ind1=" " ind2=" ">
   <subfield code="a">275 tr.</subfield>
   <subfield code="b">Minh họa</subfield>
   <subfield code="c">2020</subfield>
  </datafield>
  <datafield tag="520" ind1="3" ind2=" ">
   <subfield code="a">Giới thiệu những bí quyết thành công trong quản lý điều hành của tác giả khi bán hàng qua mạng bao gồm: tiếp thị tìm kiếm, nghiên cứu và lựa chọn từ khoá, tối ưu hoá website, tối ưu hoá trang web, tối ưu hoá bên ngoài website, đo lường, đánh giá hiệu quả chiến dịch SEO...</subfield>
  </datafield>
  <datafield tag="653" ind1=" " ind2=" ">
   <subfield code="a">Công nghệ thông tin</subfield>
  </datafield>
  <datafield tag="942" ind1=" " ind2=" ">
   <subfield code="2">ddc</subfield>
   <subfield code="c">BK</subfield>
  </datafield>
  <datafield tag="952" ind1=" " ind2=" ">
   <subfield code="0">0</subfield>
   <subfield code="1">0</subfield>
   <subfield code="2">ddc</subfield>
   <subfield code="4">0</subfield>
   <subfield code="6">658_872000000000000_TH460</subfield>
   <subfield code="7">0</subfield>
   <subfield code="9">22601</subfield>
   <subfield code="a">000001</subfield>
   <subfield code="b">000001</subfield>
   <subfield code="d">2022-03-17</subfield>
   <subfield code="o">658.872 Th460</subfield>
   <subfield code="p">MD.19292</subfield>
   <subfield code="r">2022-03-17</subfield>
   <subfield code="v">299000.00</subfield>
   <subfield code="w">2022-03-17</subfield>
   <subfield code="y">BK</subfield>
  </datafield>
  <datafield tag="952" ind1=" " ind2=" ">
   <subfield code="0">0</subfield>
   <subfield code="1">0</subfield>
   <subfield code="2">ddc</subfield>
   <subfield code="4">0</subfield>
   <subfield code="6">658_872000000000000_TH460</subfield>
   <subfield code="7">0</subfield>
   <subfield code="9">22602</subfield>
   <subfield code="a">000001</subfield>
   <subfield code="b">000001</subfield>
   <subfield code="d">2022-03-17</subfield>
   <subfield code="o">658.872 Th460</subfield>
   <subfield code="p">MD.19293</subfield>
   <subfield code="r">2022-03-17</subfield>
   <subfield code="v">299000.00</subfield>
   <subfield code="w">2022-03-17</subfield>
   <subfield code="y">BK</subfield>
  </datafield>
  <datafield tag="980" ind1=" " ind2=" ">
   <subfield code="a">Thư viện Trường Đại học Nam Cần Thơ</subfield>
  </datafield>
 </record>
</collection>
